Most Visited City Parks In US - Statistics

General Stats
  • This quiz has been taken 20 times
  • The average score is 8 of 10
Answer Stats
Visitors(Millions) Name of Park Answer % Correct
20 Lincoln Park Chicago
100%
42 Central Park New York
100%
33.5 National Mall and Memorial Park Washington D.C
95%
14.5 Golden Gate Park San Francisco
90%
17 Mission Bay Park San Diego
80%
12 Griffith Park Los Angeles
75%
5.48 Chain of Lakes Regional Park Minneapolis
70%
5.36 Hermann Park Houston
65%
5.52 Fair Park Dallas
55%
15 Forest Park St Louis
35%
No matching quizzes found
Score Distribution
Percent of People with Each Score
Percentile by Number Answered
Your Score History
You have not taken this quiz